000 00760cab a2200253 4500
001 ABS58288
008 090401t1998 xxu||||| |||| 00| 0 eng d
035 _a(Sirsi) u84414
041 _aeng
100 _aPattinson, M.
245 _aDisposals programmes marches on
260 _c1998
350 _a0
490 _aTown & Country Planning
_vJanuary/February 1998, 29-30(2)
520 _aReviews the status of redundant military sites in England and considers the opportunities they can offer developers. Table of sites.
650 _aDEFENCE PROPERTY
650 _aMILITARY SITES
650 _aMOD ESTATE
650 _aREDEVELOPMENT
690 _aPROPERTY-PROPERTY DEVELOPMENT
700 _aStafford, J.
942 _n0
948 _c23/02/1998
999 _c53047
_d53047